| 000 | 00453nam a22001457a 4500 | ||
|---|---|---|---|
| 082 |
_a624.04 _bCHA _cL-40, P-66 |
||
| 100 |
_aChakroborty, Partha _920982 |
||
| 245 |
_aPrincipals of transportation engineering _cChakroborty, Partha |
||
| 260 |
_aNew Delhi _bPrentice Hall of India _c2003 |
||
| 300 |
_axvi, P-520 _bill |
||
| 526 |
_a0 _b0 _c0 _d624_040000000000000_CHA |
||
| 526 |
_a0 _b0 _c0 _d624_040000000000000_CHA |
||
| 650 |
_aMCE _9379 |
||
| 942 |
_2ddc _cBK |
||
| 999 |
_c548108 _d548108 |
||